[Event "Tournoi International du Pays de Charleroi 2018"]
[Site "Roux, Belgium"]
[Date "2018.07.30"]
[Round "4.22"]
[White "Colin, Peter"]
[Black "De Villers, Mourad"]
[Result "0-1"]
[WhiteElo "1918"]
[BlackElo "2117"]

1. e4 {[%clk 01:30:58]} {[%emt 00:05:20]} c5 {[%clk 01:30:50]} {[%emt
00:00:13]} 2. Nf3 {[%clk 01:31:18]} {[%emt 00:00:09]} g6 {[%clk 01:30:51]}
{[%emt 00:00:29]} 3. d4 {[%clk 01:31:03]} {[%emt 00:00:45]} cxd4 {[%clk
01:31:05]} {[%emt 00:00:16]} 4. Nxd4 {[%clk 01:31:25]} {[%emt 00:00:08]} Nc6
{[%clk 01:31:15]} {[%emt 00:00:20]} 5. c4 {[%clk 01:31:22]} {[%emt 00:00:33]}
Nf6 {[%clk 01:31:03]} {[%emt 00:00:41]} 6. Nc3 {[%clk 01:31:41]} {[%emt
00:00:11]} d6 {[%clk 01:31:09]} {[%emt 00:00:24]} 7. Nc2 {[%clk 01:30:13]}
{[%emt 00:01:59]} Bg7 {[%clk 01:30:22]} {[%emt 00:01:17]} 8. Be2 {[%clk
01:30:12]} {[%emt 00:00:30]} O-O {[%clk 01:29:45]} {[%emt 00:01:08]} 9. O-O
{[%clk 01:30:22]} {[%emt 00:00:20]} Be6 {[%clk 01:29:44]} {[%emt 00:00:31]} 10.
Be3 {[%clk 01:27:17]} {[%emt 00:03:35]} Qa5 {[%clk 01:28:37]} {[%emt 00:01:38]}
11. f3 {[%clk 01:23:34]} {[%emt 00:04:12]} Rfc8 {[%clk 01:27:25]} {[%emt
00:01:42]} 12. Nd5 {[%clk 01:13:25]} {[%emt 00:10:39]} Nd7 {[%clk 01:18:53]}
{[%emt 00:09:02]} 13. Nd4 {[%clk 01:11:42]} {[%emt 00:02:13]} Bxd5 {[%clk
01:11:53]} {[%emt 00:07:31]} 14. cxd5 {[%clk 01:11:25]} {[%emt 00:00:47]} Nxd4
{[%clk 00:54:27]} {[%emt 00:17:55]} 15. Bxd4 {[%clk 01:11:42]} {[%emt
00:00:13]} Bxd4+ {[%clk 00:54:35]} {[%emt 00:00:21]} 16. Qxd4 {[%clk 01:12:04]}
{[%emt 00:00:09]} Qc5 {[%clk 00:54:25]} {[%emt 00:00:40]} 17. Qxc5 {[%clk
01:11:38]} {[%emt 00:00:55]} Rxc5 {[%clk 00:54:46]} {[%emt 00:00:09]} 18. Rfc1
{[%clk 01:06:57]} {[%emt 00:05:11]} Rac8 {[%clk 00:54:36]} {[%emt 00:00:41]} 19.
Rxc5 {[%clk 01:07:21]} {[%emt 00:00:06]} Rxc5 {[%clk 00:54:59]} {[%emt
00:00:06]} 20. Kf1 {[%clk 01:01:38]} {[%emt 00:06:13]} Rc2 {[%clk 00:52:28]}
{[%emt 00:03:02]} 21. b4 {[%clk 00:59:50]} {[%emt 00:02:18]} Kg7 {[%clk
00:49:49]} {[%emt 00:03:09]} 22. a4 {[%clk 00:56:10]} {[%emt 00:04:09]} Kf6
{[%clk 00:47:34]} {[%emt 00:02:45]} 23. a5 {[%clk 00:54:53]} {[%emt 00:01:47]}
Ke5 {[%clk 00:45:46]} {[%emt 00:02:18]} 24. Bb5 {[%clk 00:43:30]} {[%emt
00:11:53]} Nf8 {[%clk 00:39:02]} {[%emt 00:07:15]} 25. Ba4 {[%clk 00:38:04]}
{[%emt 00:05:56]} Rc4 {[%clk 00:34:54]} {[%emt 00:04:37]} 26. b5 {[%clk
00:34:26]} {[%emt 00:04:08]} Rb4 {[%clk 00:28:31]} {[%emt 00:06:53]} 27. Ke2
{[%clk 00:30:16]} {[%emt 00:04:40]} f5 {[%clk 00:27:15]} {[%emt 00:01:47]} 28.
exf5 {[%clk 00:29:52]} {[%emt 00:00:53]} gxf5 {[%clk 00:27:19]} {[%emt
00:00:26]} 29. Ra3 {[%clk 00:21:21]} {[%emt 00:09:02]} Kxd5 {[%clk 00:26:11]}
{[%emt 00:01:37]} 30. Kd3 {[%clk 00:18:53]} {[%emt 00:02:58]} Ne6 {[%clk
00:18:17]} {[%emt 00:08:25]} 31. Kc3 {[%clk 00:17:04]} {[%emt 00:02:17]} Rc4+
{[%clk 00:17:46]} {[%emt 00:01:02]} 32. Kb2 {[%clk 00:14:45]} {[%emt 00:02:49]}
Nc5 {[%clk 00:16:17]} {[%emt 00:01:59]} 33. Bb3 {[%clk 00:13:59]} {[%emt
00:01:17]} Nxb3 {[%clk 00:15:49]} {[%emt 00:00:58]} 34. Kxb3 {[%clk 00:11:04]}
{[%emt 00:03:24]} Kc5 {[%clk 00:13:48]} {[%emt 00:02:31]} 35. a6 {[%clk
00:10:20]} {[%emt 00:01:15]} Rb4+ {[%clk 00:09:46]} {[%emt 00:04:31]} 36. Kc3
{[%clk 00:09:50]} {[%emt 00:00:59]} Rxb5 {[%clk 00:06:34]} {[%emt 00:03:44]} 37.
axb7 {[%clk 00:10:05]} {[%emt 00:00:14]} Rxb7 {[%clk 00:05:49]} {[%emt
00:01:15]} 38. Ra5+ {[%clk 00:10:25]} {[%emt 00:00:10]} Kc6 {[%clk 00:05:42]}
{[%emt 00:00:37]} 39. Rxf5 {[%clk 00:10:45]} {[%emt 00:00:10]} e5 {[%clk
00:05:43]} {[%emt 00:00:29]} 40. Rf8 {[%clk 00:10:19]} {[%emt 00:00:56]} Kd5
{[%clk 00:05:27]} {[%emt 00:00:46]} 41. Ra8 {[%clk 00:10:04]} {[%emt 00:00:44]}
Rg7 {[%clk 00:05:35]} {[%emt 00:00:23]} 42. h4 {[%clk 00:04:30]} {[%emt
00:06:05]} Rxg2 {[%clk 00:02:16]} {[%emt 00:03:48]} 43. Rxa7 {[%clk 00:04:45]}
{[%emt 00:00:15]} Rg3 {[%clk 00:02:22]} {[%emt 00:00:24]} 44. Rxh7 {[%clk
00:04:40]} {[%emt 00:00:35]} Rxf3+ {[%clk 00:02:24]} {[%emt 00:00:28]} 45. Kd2
{[%clk 00:04:52]} {[%emt 00:00:17]} Ke4 {[%clk 00:02:17]} {[%emt 00:00:38]} 46.
Ke2 {[%clk 00:03:21]} {[%emt 00:02:01]} d5 {[%clk 00:01:41]} {[%emt 00:01:06]}
47. Rh5 {[%clk 00:30:01]} {[%emt 00:03:50]} Rh3 {[%clk 00:31:02]} {[%emt
00:01:10]} 48. Rh8 {[%clk 00:29:17]} {[%emt 00:01:14]} d4 {[%clk 00:31:03]}
{[%emt 00:00:29]} 0-1

[Event "Tournoi International du Pays de Charleroi 2018"]
[Site "Roux, Belgium"]
[Date "2018.07.30"]
[Round "4.31"]
[White "Mueller, Martin"]
[Black "Mitran, Marie"]
[Result "1-0"]
[WhiteElo "2078"]
[BlackElo "1768"]

1. e4 {[%clk 01:30:57]} {[%emt 00:00:02]} e5 {[%clk 01:30:43]} {[%emt
00:00:19]} 2. Nc3 {[%clk 01:31:19]} {[%emt 00:00:07]} Nf6 {[%clk 01:30:36]}
{[%emt 00:00:37]} 3. Bc4 {[%clk 01:31:44]} {[%emt 00:00:05]} Bc5 {[%clk
01:30:21]} {[%emt 00:00:46]} 4. d3 {[%clk 01:32:05]} {[%emt 00:00:08]} Nc6
{[%clk 01:30:24]} {[%emt 00:00:26]} 5. f4 {[%clk 01:32:13]} {[%emt 00:00:22]}
d6 {[%clk 01:29:58]} {[%emt 00:00:57]} 6. Nf3 {[%clk 01:32:31]} {[%emt
00:00:12]} h6 {[%clk 01:18:12]} {[%emt 00:12:16]} 7. Na4 {[%clk 01:32:38]}
{[%emt 00:00:22]} Bb6 {[%clk 01:17:11]} {[%emt 00:01:31]} 8. Nxb6 {[%clk
01:33:02]} {[%emt 00:00:07]} axb6 {[%clk 01:17:12]} {[%emt 00:00:29]} 9. O-O
{[%clk 01:33:04]} {[%emt 00:00:28]} O-O {[%clk 01:13:24]} {[%emt 00:04:18]} 10.
a3 {[%clk 01:32:09]} {[%emt 00:01:26]} Be6 {[%clk 01:04:36]} {[%emt 00:09:17]}
11. Bxe6 {[%clk 01:28:48]} {[%emt 00:03:50]} fxe6 {[%clk 01:05:00]} {[%emt
00:00:07]} 12. fxe5 {[%clk 01:29:02]} {[%emt 00:00:16]} Nxe5 {[%clk 01:03:30]}
{[%emt 00:02:00]} 13. Nxe5 {[%clk 01:29:15]} {[%emt 00:00:18]} dxe5 {[%clk
01:03:53]} {[%emt 00:00:07]} 14. Be3 {[%clk 01:27:50]} {[%emt 00:01:53]} b5
{[%clk 01:02:32]} {[%emt 00:01:51]} 15. Bc5 {[%clk 01:20:11]} {[%emt 00:08:08]}
Rf7 {[%clk 00:59:35]} {[%emt 00:03:27]} 16. Qf3 {[%clk 01:18:06]} {[%emt
00:02:34]} Qe8 {[%clk 00:58:08]} {[%emt 00:01:58]} 17. Be3 {[%clk 01:08:44]}
{[%emt 00:09:53]} Qe7 {[%clk 00:52:40]} {[%emt 00:05:58]} 18. Qg3 {[%clk
01:08:03]} {[%emt 00:01:07]} Kh7 {[%clk 00:47:24]} {[%emt 00:05:52]} 19. Qxe5
{[%clk 01:05:46]} {[%emt 00:02:46]} Ng4 {[%clk 00:39:49]} {[%emt 00:08:04]} 20.
Qg3 {[%clk 00:59:54]} {[%emt 00:06:20]} Nxe3 {[%clk 00:37:58]} {[%emt
00:02:24]} 21. Qxe3 {[%clk 01:00:05]} {[%emt 00:00:19]} b4 {[%clk 00:36:41]}
{[%emt 00:01:47]} 22. Rxf7 {[%clk 00:57:08]} {[%emt 00:03:27]} Qxf7 {[%clk
00:37:09]} {[%emt 00:00:02]} 23. a4 {[%clk 00:55:21]} {[%emt 00:02:17]} Qd7
{[%clk 00:32:22]} {[%emt 00:05:17]} 24. b3 {[%clk 00:53:42]} {[%emt 00:02:08]}
Ra6 {[%clk 00:30:42]} {[%emt 00:02:11]} 25. e5 {[%clk 00:50:19]} {[%emt
00:03:53]} Qd5 {[%clk 00:28:19]} {[%emt 00:02:53]} 26. Re1 {[%clk 00:49:07]}
{[%emt 00:01:40]} Rc6 {[%clk 00:27:36]} {[%emt 00:01:13]} 27. Qe4 {[%clk
00:48:18]} {[%emt 00:01:20]} Qxe4 {[%clk 00:26:30]} {[%emt 00:01:37]} 28. Rxe4
{[%clk 00:48:43]} {[%emt 00:00:05]} Rb6 {[%clk 00:23:54]} {[%emt 00:03:05]} 29.
Rc4 {[%clk 00:48:26]} {[%emt 00:00:47]} c6 {[%clk 00:23:28]} {[%emt 00:00:57]}
30. Kf2 {[%clk 00:47:31]} {[%emt 00:01:24]} Kg6 {[%clk 00:23:37]} {[%emt
00:00:22]} 31. Ke3 {[%clk 00:46:26]} {[%emt 00:01:34]} Ra6 {[%clk 00:19:52]}
{[%emt 00:04:15]} 32. Rxb4 {[%clk 00:46:20]} {[%emt 00:00:35]} b6 {[%clk
00:18:22]} {[%emt 00:02:01]} 33. Rf4 {[%clk 00:44:37]} {[%emt 00:02:12]} Ra8
{[%clk 00:18:27]} {[%emt 00:00:27]} 34. g4 {[%clk 00:43:53]} {[%emt 00:01:12]}
Rd8 {[%clk 00:17:54]} {[%emt 00:01:04]} 35. h4 {[%clk 00:44:00]} {[%emt
00:00:23]} Rd5 {[%clk 00:17:29]} {[%emt 00:00:54]} 36. d4 {[%clk 00:44:10]}
{[%emt 00:00:22]} Rd7 {[%clk 00:14:02]} {[%emt 00:03:57]} 37. Rf8 {[%clk
00:44:11]} {[%emt 00:00:28]} 1-0

[Event "Tournoi International du Pays de Charleroi 2018"]
[Site "Roux, Belgium"]
[Date "2018.07.30"]
[Round "4.21"]
[White "De Block, Yordi"]
[Black "Verbist, Julien"]
[Result "1-0"]
[WhiteElo "2129"]
[BlackElo "1954"]

1. e4 {[%clk 01:30:58]} e5 {[%clk 01:30:46]} {[%emt 00:00:14]} 2. Nf3 {[%clk
01:31:22]} {[%emt 00:00:07]} d6 {[%clk 01:31:11]} {[%emt 00:00:04]} 3. d4
{[%clk 01:31:46]} {[%emt 00:00:06]} exd4 {[%clk 01:31:18]} {[%emt 00:00:23]} 4.
Nxd4 {[%clk 01:31:35]} {[%emt 00:00:41]} Nf6 {[%clk 01:31:41]} {[%emt
00:00:06]} 5. Nc3 {[%clk 01:31:58]} {[%emt 00:00:07]} Be7 {[%clk 01:32:08]}
{[%emt 00:00:04]} 6. Bd3 {[%clk 01:31:29]} {[%emt 00:00:59]} Bd7 {[%clk
01:32:10]} {[%emt 00:00:29]} 7. Nf5 {[%clk 01:30:04]} {[%emt 00:01:55]} Bxf5
{[%clk 01:23:39]} {[%emt 00:09:01]} 8. exf5 {[%emt 00:02:13]} d5 {[%clk
01:23:21]} {[%emt 00:00:03]} 9. Bf4 {[%clk 01:25:22]} {[%emt 00:04:13]} a6
{[%clk 01:17:50]} {[%emt 00:06:02]} 10. Qf3 {[%clk 01:24:51]} {[%emt 00:01:00]}
Nc6 {[%clk 01:12:23]} {[%emt 00:05:57]} 11. O-O-O {[%clk 01:23:04]} {[%emt
00:02:16]} Qd7 {[%clk 01:11:30]} {[%emt 00:01:23]} 12. g4 {[%clk 01:21:42]}
{[%emt 00:01:53]} h6 {[%clk 01:07:08]} {[%emt 00:04:53]} 13. Bc4 {[%clk
01:18:10]} {[%emt 00:04:02]} d4 {[%clk 01:00:24]} {[%emt 00:07:13]} 14. Rhe1
{[%clk 01:17:03]} {[%emt 00:01:37]} O-O {[%clk 00:54:59]} {[%emt 00:05:55]} 15.
h4 {[%clk 01:12:22]} {[%emt 00:05:11]} b5 {[%clk 00:50:15]} {[%emt 00:05:14]}
16. Bb3 {[%clk 01:11:59]} {[%emt 00:00:53]} Na5 {[%clk 00:49:00]} {[%emt
00:01:45]} 17. g5 {[%clk 01:10:04]} {[%emt 00:02:25]} Nxb3+ {[%clk 00:49:25]}
{[%emt 00:00:06]} 18. axb3 {[%clk 01:10:32]} {[%emt 00:00:01]} Qxf5 {[%clk
00:39:12]} {[%emt 00:10:43]} 19. Rxe7 {[%clk 01:06:10]} {[%emt 00:04:52]} dxc3
{[%clk 00:39:23]} {[%emt 00:00:20]} 20. gxf6 {[%clk 01:06:02]} {[%emt
00:00:38]} cxb2+ {[%clk 00:39:43]} {[%emt 00:00:10]} 21. Kb1 {[%clk 01:06:17]}
{[%emt 00:00:14]} Qxf6 {[%clk 00:38:57]} {[%emt 00:01:16]} 22. Qe3 {[%clk
01:05:09]} {[%emt 00:01:37]} Kh7 {[%clk 00:35:42]} {[%emt 00:03:46]} 23. Qe4
{[%clk 01:04:17]} {[%emt 00:01:21]} Kh8 {[%clk 00:32:54]} {[%emt 00:03:19]} 24.
Be5 {[%clk 01:02:40]} {[%emt 00:02:07]} Qxf2 {[%clk 00:32:52]} {[%emt
00:00:33]} 25. Bd4 {[%clk 01:02:38]} {[%emt 00:00:29]} Qh2 {[%clk 00:31:31]}
{[%emt 00:01:52]} 26. Rg1 {[%clk 01:02:15]} {[%emt 00:00:53]} 1-0

[Event "Tournoi International du Pays de Charleroi 2018"]
[Site "Roux, Belgium"]
[Date "2018.07.30"]
[Round "4.9"]
[White "Chauvon, Guillaume"]
[Black "Sclacmender, Julien"]
[Result "0-1"]
[WhiteElo "2013"]
[BlackElo "2245"]

1. Nf3 {[%clk 01:30:57]} Nf6 {[%clk 01:30:56]} {[%emt 00:00:04]} 2. c4 {[%clk
01:31:22]} {[%emt 00:00:05]} b6 {[%clk 01:29:20]} {[%emt 00:02:06]} 3. g3
{[%clk 01:31:19]} {[%emt 00:00:34]} Bb7 {[%clk 01:29:08]} {[%emt 00:00:43]} 4.
Bg2 {[%clk 01:31:34]} {[%emt 00:00:14]} c5 {[%clk 01:28:20]} {[%emt 00:01:19]}
5. O-O {[%clk 01:31:46]} {[%emt 00:00:17]} g6 {[%clk 01:28:27]} {[%emt
00:00:23]} 6. Nc3 {[%clk 01:30:29]} {[%emt 00:01:47]} Bg7 {[%clk 01:28:45]}
{[%emt 00:00:12]} 7. Re1 {[%clk 01:30:21]} {[%emt 00:00:37]} O-O {[%clk
01:26:35]} {[%emt 00:02:40]} 8. e4 {[%clk 01:30:06]} {[%emt 00:00:45]} d6
{[%clk 01:20:40]} {[%emt 00:06:25]} 9. d4 {[%clk 01:29:29]} {[%emt 00:01:06]}
cxd4 {[%clk 01:21:00]} {[%emt 00:00:10]} 10. Nxd4 {[%clk 01:29:52]} {[%emt
00:00:07]} Qc8 {[%clk 01:21:10]} {[%emt 00:00:21]} 11. b3 {[%clk 01:26:06]}
{[%emt 00:04:16]} Nc6 {[%clk 01:19:33]} {[%emt 00:02:07]} 12. Nxc6 {[%clk
01:18:19]} {[%emt 00:08:16]} Bxc6 {[%clk 01:19:20]} {[%emt 00:00:43]} 13. Bb2
{[%clk 01:14:27]} {[%emt 00:04:22]} Nd7 {[%clk 01:06:36]} {[%emt 00:13:15]} 14.
Nd5 {[%clk 01:09:49]} {[%emt 00:05:07]} Re8 {[%clk 01:05:44]} {[%emt 00:01:21]}
15. Bxg7 {[%clk 01:07:57]} {[%emt 00:02:23]} Kxg7 {[%clk 01:06:10]} {[%emt
00:00:05]} 16. Qd4+ {[%clk 00:57:33]} {[%emt 00:10:53]} e5 {[%clk 01:03:04]}
{[%emt 00:03:37]} 17. Qd2 {[%clk 00:56:46]} {[%emt 00:01:16]} Bxd5 {[%clk
01:01:54]} {[%emt 00:01:41]} 18. Qxd5 {[%clk 00:56:35]} {[%emt 00:00:39]} Nc5
{[%clk 00:40:16]} {[%emt 00:22:10]} 19. h4 {[%clk 00:37:43]} {[%emt 00:19:21]}
Qc7 {[%clk 00:34:20]} {[%emt 00:06:27]} 20. Bh3 {[%clk 00:37:55]} {[%emt
00:00:17]} a5 {[%clk 00:31:39]} {[%emt 00:03:13]} 21. Rad1 {[%clk 00:36:03]}
{[%emt 00:02:21]} Rad8 {[%clk 00:30:09]} {[%emt 00:02:00]} 22. Qd2 {[%clk
00:29:25]} {[%emt 00:07:08]} h5 {[%clk 00:26:17]} {[%emt 00:04:22]} 23. Qe3
{[%clk 00:23:21]} {[%emt 00:06:34]} Na6 {[%clk 00:25:51]} {[%emt 00:00:56]} 24.
Kh1 {[%clk 00:14:16]} {[%emt 00:09:34]} Nb4 {[%clk 00:24:17]} {[%emt 00:02:05]}
25. f4 {[%clk 00:12:46]} {[%emt 00:02:01]} Nc2 {[%clk 00:22:30]} {[%emt
00:02:17]} 26. Qc3 {[%clk 00:11:16]} {[%emt 00:01:59]} Nxe1 {[%clk 00:22:06]}
{[%emt 00:00:54]} 27. Rxe1 {[%clk 00:11:39]} {[%emt 00:00:07]} Qc5 {[%clk
00:15:24]} {[%emt 00:07:13]} 28. f5 {[%clk 00:11:49]} {[%emt 00:00:20]} Qd4
{[%clk 00:14:33]} {[%emt 00:01:20]} 29. Qf3 {[%clk 00:12:06]} {[%emt 00:00:13]}
a4 {[%clk 00:13:45]} {[%emt 00:01:20]} 30. Rf1 {[%clk 00:09:51]} {[%emt
00:02:44]} Rf8 {[%clk 00:13:50]} {[%emt 00:00:24]} 31. f6+ {[%clk 00:09:53]}
{[%emt 00:00:28]} Kh7 {[%clk 00:11:52]} {[%emt 00:02:28]} 32. Rd1 {[%clk
00:08:32]} {[%emt 00:01:51]} Qb2 {[%clk 00:11:22]} {[%emt 00:01:00]} 33. Bf5
{[%clk 00:08:53]} {[%emt 00:00:09]} Rh8 {[%clk 00:08:43]} {[%emt 00:03:10]} 34.
g4 {[%clk 00:04:23]} {[%emt 00:04:59]} Rhg8 {[%clk 00:05:09]} {[%emt 00:04:04]}
35. Rg1 {[%clk 00:02:23]} {[%emt 00:02:29]} axb3 {[%clk 00:03:48]} {[%emt
00:01:51]} 36. axb3 {[%clk 00:02:02]} {[%emt 00:00:52]} Ra8 {[%clk 00:03:56]}
{[%emt 00:00:22]} 37. g5 {[%clk 00:00:47]} {[%emt 00:01:45]} Rh8 {[%clk
00:03:25]} {[%emt 00:01:01]} 38. Bxg6 {[%clk 00:00:37]} {[%emt 00:00:39]} fxg6
{[%clk 00:03:36]} {[%emt 00:00:19]} 39. Rg2 {[%clk 00:00:43]} {[%emt 00:00:25]}
Qc1 {[%clk 00:03:09]} {[%emt 00:00:57]} 40. Rg1 {[%clk 00:00:42]} {[%emt
00:00:31]} Qb2 {[%clk 00:01:51]} {[%emt 00:01:48]} 41. Qh3 {[%clk 00:28:55]}
{[%emt 00:02:15]} Ra7 {[%clk 00:19:47]} {[%emt 00:12:36]} 42. Rf1 {[%clk
00:27:34]} {[%emt 00:01:50]} Qe2 {[%emt 00:05:45]} 0-1

[Event "Tournoi International du Pays de Charleroi 2018"]
[Site "Roux, Belgium"]
[Date "2018.07.30"]
[Round "4.5"]
[White "Kukov, Velislav"]
[Black "Inkiov, Ventzislav"]
[Result "1/2-1/2"]
[WhiteTitle "IM"]
[BlackTitle "GM"]
[WhiteElo "2382"]
[BlackElo "2432"]

1. d4 {[%clk 01:30:56]} {[%emt 00:00:04]} Nf6 {[%clk 01:30:44]} {[%emt
00:00:16]} 2. Nf3 {[%clk 01:30:31]} {[%emt 00:00:54]} e6 {[%clk 01:30:34]}
{[%emt 00:00:40]} 3. Bg5 {[%clk 01:29:10]} {[%emt 00:01:51]} c5 {[%clk
01:29:48]} {[%emt 00:01:16]} 4. c3 {[%clk 01:29:02]} {[%emt 00:00:38]} d5
{[%clk 01:28:59]} {[%emt 00:01:18]} 5. e3 {[%clk 01:28:58]} {[%emt 00:00:35]}
Nbd7 {[%clk 01:29:08]} {[%emt 00:00:20]} 6. Nbd2 {[%clk 01:28:39]} {[%emt
00:00:49]} Qc7 {[%clk 01:28:09]} {[%emt 00:01:29]} 7. Bf4 {[%clk 01:24:56]}
{[%emt 00:04:13]} Bd6 {[%clk 01:27:46]} {[%emt 00:00:52]} 8. Bxd6 {[%clk
01:24:42]} {[%emt 00:00:46]} Qxd6 {[%clk 01:28:11]} {[%emt 00:00:05]} 9. dxc5
{[%clk 01:22:40]} {[%emt 00:02:32]} Qxc5 {[%clk 01:27:10]} {[%emt 00:01:31]} 10.
c4 {[%clk 01:19:15]} {[%emt 00:03:55]} dxc4 {[%clk 01:24:11]} {[%emt 00:03:29]}
11. Bxc4 {[%clk 01:17:59]} {[%emt 00:01:46]} b5 {[%clk 01:23:05]} {[%emt
00:01:36]} 12. Be2 {[%clk 01:16:45]} {[%emt 00:01:43]} Bb7 {[%clk 01:20:18]}
{[%emt 00:03:18]} 13. O-O {[%clk 01:16:11]} {[%emt 00:01:03]} O-O {[%clk
01:19:17]} {[%emt 00:01:31]} 14. Nb3 {[%clk 01:14:34]} {[%emt 00:02:07]} Qb6
{[%clk 01:18:39]} {[%emt 00:01:08]} 15. Qd4 {[%clk 01:14:13]} {[%emt 00:00:51]}
a6 {[%clk 01:15:25]} {[%emt 00:03:44]} 16. Rac1 {[%clk 01:12:15]} {[%emt
00:02:27]} Rac8 {[%clk 01:10:16]} {[%emt 00:05:40]} 17. Rxc8 {[%clk 01:11:52]}
{[%emt 00:00:53]} Rxc8 {[%clk 01:08:41]} {[%emt 00:02:05]} 18. Rc1 {[%clk
01:11:34]} {[%emt 00:00:48]} Rxc1+ {[%clk 01:05:01]} {[%emt 00:04:11]} 19. Nxc1
{[%clk 01:11:48]} {[%emt 00:00:16]} Qxd4 {[%clk 01:04:09]} {[%emt 00:01:21]} 20.
Nxd4 {[%clk 01:12:05]} {[%emt 00:00:13]} Kf8 {[%clk 01:03:53]} {[%emt
00:00:47]} 21. Bf3 {[%clk 01:12:16]} {[%emt 00:00:19]} Bxf3 {[%clk 01:04:14]}
{[%emt 00:00:09]} 22. Nxf3 {[%clk 01:12:40]} {[%emt 00:00:06]} Ke7 {[%clk
01:04:40]} {[%emt 00:00:04]} 23. Kf1 {[%clk 01:13:04]} {[%emt 00:00:06]} Kd6
{[%clk 01:05:06]} {[%emt 00:00:04]} 24. Ke2 {[%clk 01:13:23]} {[%emt 00:00:11]}
Nb6 {[%clk 01:05:26]} {[%emt 00:00:10]} 1/2-1/2